La naturaleza es un campo de batalla : (Registro nro. 3796)

000 -CABECERA
campo de control de longitud fija 00659nam a22002057a 4500
005 - FECHA Y HORA DE LA ÚLTIMA TRANSACCIÓN
campo de control 20251003161606.0
008 - DATOS DE LONGITUD FIJA--INFORMACIÓN GENERAL
campo de control de longitud fija 220422s2016 es ||||fr|||| 00| 0 spa d
020 ## - NÚMERO INTERNACIONAL ESTÁNDAR DEL LIBRO
ISBN 978-84-944338-4-9
040 ## - FUENTE DE LA CATALOGACIÓN
Centro/agencia transcriptor CAAAP
Centro catalogador/agencia de origen CAAAP
Lengua de catalogación spa
041 ## - CÓDIGO DE LENGUA
Código de lengua del texto/banda sonora o título independiente spa
050 ## - SIGNATURA TOPOGRÁFICA DE LA BIBLIOTECA DEL CONGRESO
Número de clasificación HT 401.D4
Número de documento/Ítem .K48
100 1# - ENTRADA PRINCIPAL--NOMBRE DE PERSONA
9 (RLIN) 5302
Nombre personal Keucheyan, Razmig
245 13 - MENCIÓN DE TÍTULO
Título La naturaleza es un campo de batalla :
Subtitulo ensayo de ecología política /
Mención de responsabilidad, etc. Razmig Keucheyan
250 ## - MENCIÓN DE EDICIÓN
Mención de edición 1ra edición
260 ## - PUBLICACIÓN, DISTRIBUCIÓN, ETC.
Lugar de publicación, distribución, etc. Madrid, España :
Nombre del editor, distribuidor, etc. Clave Intelectual,
Fecha de publicación, distribución, etc. 2016
300 ## - DESCRIPCIÓN FÍSICA
Extensión 205 páginas
Otras características físicas 22 cm.
650 #0 - PUNTO DE ACCESO ADICIONAL DE MATERIA--TÉRMINO DE MATERIA
9 (RLIN) 258
Término de materia o nombre geográfico como elemento de entrada Ecología
Subdivisión de forma Aspectos políticos
650 #0 - PUNTO DE ACCESO ADICIONAL DE MATERIA--TÉRMINO DE MATERIA
9 (RLIN) 1924
Término de materia o nombre geográfico como elemento de entrada Conflictos Sociales
942 ## - ELEMENTOS PERSONALIZADOS KOHA
Fuente del sistema de clasificación o colocación
Fecha de catalogación DD - MM - AA
Tipo de ítem Koha Libros
Existencias
Fuente del sistema de clasificación o colocación Localización permanente Ubicación/localización actual Fecha de adquisición Total de préstamos Signatura LC Fecha visto por última vez Número de copia Tipo de ítem Koha
  CENTRO DE DOCUMENTACIÓN (CENDOC) CENTRO DE DOCUMENTACIÓN (CENDOC) 04/22/2022   HT 401.D4 .K48 04/22/2022 Ej.1 Libros
Centro de Documentación CAAAP | AV. Manuel González Prada 626, Magdalena del Mar | (51-1) 4615223 Anexo 205 y 209 | cendoc@caaap.org.pe